Clinical immunology & serology : (Record no. 13749)
[ view plain ]
| 000 -LEADER | |
|---|---|
| fixed length control field | 00583nam a22001937a 4500 |
| 003 - CONTROL NUMBER IDENTIFIER | |
| control field | OSt |
| 005 - DATE AND TIME OF LATEST TRANSACTION | |
| control field | 20140310182457.0 |
| 008 - FIXED-LENGTH DATA ELEMENTS--GENERAL INFORMATION | |
| fixed length control field | 130214t xxu||||| |||| 00| 0 eng d |
| 020 ## - INTERNATIONAL STANDARD BOOK NUMBER | |
| International Standard Book Number | 9789746522458 |
| 050 ## - LIBRARY OF CONGRESS CALL NUMBER | |
| Classification number | RB 46.5 |
| Item number | .St73 2010 |
| 100 ## - MAIN ENTRY--PERSONAL NAME | |
| Personal name | Stevens, Christine Dorresteyn |
| 9 (RLIN) | 7953 |
| 245 ## - TITLE STATEMENT | |
| Title | Clinical immunology & serology : |
| Statement of responsibility, etc | a laboratory perspective / |
| Remainder of title | Christine Dorresteyn Stevens. |
| 260 ## - PUBLICATION, DISTRIBUTION, ETC. (IMPRINT) | |
| Place of publication, distribution, etc | Philadelphia, PA. : |
| Name of publisher, distributor, etc | F.A. Davis, |
| Date of publication, distribution, etc | 2010. |
| 300 ## - PHYSICAL DESCRIPTION | |
| Extent | xvi. 454 p. ; |
| Dimensions | 28 cm. |
| Other physical details | ill. ; |
| 942 ## - ADDED ENTRY ELEMENTS (KOHA) | |
| Source of classification or shelving scheme | Library of Congress Classification |
| Koha item type | |
| Withdrawn status | Lost status | Source of classification or shelving scheme | Damaged status | Home library | Current library | Shelving location | Date acquired | Total Checkouts | Total Renewals | Full call number | Barcode | Date last seen | Date checked out | Copy number | Price effective from | Koha item type |
|---|---|---|---|---|---|---|---|---|---|---|---|---|---|---|---|---|
| Library of Congress Classification | South SEED-LPDH College Library | South SEED-LPDH College Library | South SEED-LPDH College Section | 08/06/2013 | 5 | 25 | RB 46.5 .St73 2010 | SSLC0043 | 05/15/2018 | 02/27/2018 | 1 | 08/06/2013 | Books | |||
| Library of Congress Classification | South SEED-LPDH College Library | South SEED-LPDH College Library | South SEED-LPDH College Section | 08/12/2013 | 13 | 52 | RB 46.5 .St73 2010 | SSLC0041 | 07/06/2018 | 07/05/2018 | 2 | 08/12/2013 | Books | |||
| Library of Congress Classification | South SEED-LPDH College Library | South SEED-LPDH College Library | South SEED-LPDH College Section | 08/13/2013 | 9 | 31 | RB 46.5 .St73 2010 | SSLC1026 | 05/15/2018 | 12/08/2017 | 3 | 08/13/2013 | Books |